000 00405nam a2200145Ia 4500
008 210210b1976 xxu||||| |||| 00| 0 eng d
020 _a0 671 80815 X
082 _a082 RIPL
100 _a-
245 _aRipley's believe it or not ! book of Americana surprising sidelights of history!.
260 _aNew York.
_bPocket Books.,
_c1976
300 _a190
690 _aGeneral Collections
906 _a033572
999 _c84159
_d84159